<?xml version="1.0" encoding="UTF-8"?><?xml-stylesheet type="text/xsl" href="static/style.xsl"?><OAI-PMH xmlns="http://www.openarchives.org/OAI/2.0/" xmlns:xsi="http://www.w3.org/2001/XMLSchema-instance" xsi:schemaLocation="http://www.openarchives.org/OAI/2.0/ http://www.openarchives.org/OAI/2.0/OAI-PMH.xsd"><responseDate>2026-04-17T04:21:22Z</responseDate><request verb="GetRecord" identifier="oai:www.recercat.cat:10459.1/60762" metadataPrefix="marc">https://recercat.cat/oai/request</request><GetRecord><record><header><identifier>oai:recercat.cat:10459.1/60762</identifier><datestamp>2024-12-05T21:40:38Z</datestamp><setSpec>com_2072_3622</setSpec><setSpec>col_2072_479130</setSpec></header><metadata><record xmlns="http://www.loc.gov/MARC21/slim" xmlns:dcterms="http://purl.org/dc/terms/" xmlns:xsi="http://www.w3.org/2001/XMLSchema-instance" xmlns:doc="http://www.lyncode.com/xoai" xsi:schemaLocation="http://www.loc.gov/MARC21/slim http://www.loc.gov/standards/marcxml/schema/MARC21slim.xsd">
   <leader>00925njm 22002777a 4500</leader>
   <datafield ind2=" " ind1=" " tag="042">
      <subfield code="a">dc</subfield>
   </datafield>
   <datafield ind2=" " ind1=" " tag="720">
      <subfield code="a">Reverter Masià, Joaquín</subfield>
      <subfield code="e">author</subfield>
   </datafield>
   <datafield ind2=" " ind1=" " tag="720">
      <subfield code="a">Hernández-González, Vicenç</subfield>
      <subfield code="e">author</subfield>
   </datafield>
   <datafield ind2=" " ind1=" " tag="720">
      <subfield code="a">Jové Deltell, M. Carmen</subfield>
      <subfield code="e">author</subfield>
   </datafield>
   <datafield ind2=" " ind1=" " tag="720">
      <subfield code="a">Legaz Arrese, Alejandro</subfield>
      <subfield code="e">author</subfield>
   </datafield>
   <datafield ind2=" " ind1=" " tag="260">
      <subfield code="c">2017-12-20T17:49:55Z</subfield>
   </datafield>
   <datafield ind2=" " ind1=" " tag="260">
      <subfield code="c">2017-12-20T17:49:55Z</subfield>
   </datafield>
   <datafield ind2=" " ind1=" " tag="260">
      <subfield code="c">2013</subfield>
   </datafield>
   <datafield ind2=" " ind1=" " tag="520">
      <subfield code="a">El índice de Hirsch es actualmente uno de los indicadores bibliométricos más utilizados para estimar los éxitos de trabajo de investigadores y predecir el impacto de producción en el futuro. Este trabajo lo utiliza como medida de productividad y calidad científica de las citas totales, número de artículos y Índice h de los profesores españoles de las ciencias del deporte. También se analiza, número de autores por artículo, revistas en que publican, universidad que más artículos publica y profesores que más producen en Web of Science. Los resultados revelan que el Índice h correlaciona ampliamente citas y número de artículos. Las distribuciones por áreas, indican que el área de Educación Física tiene un Índice h medio de 2,65 y el área de Expresión Corporal 1,61. La proporción media de artículos por profesor, oscila entre 4 y 7. La media de autores firmantes oscila entre 4 y 6. La revista en que más publican los profesores de Expresión Corporal es Revista de Psicología del Deporte y en Educación Física es Journal of Strength and Conditioning Research. Finalmente, se plantean que implicaciones tienen estos resultados y el uso que de los mismos se puede dar en la toma de decisiones académicas y de investigación</subfield>
   </datafield>
   <datafield ind2=" " ind1=" " tag="520">
      <subfield code="a">Hirsch's h-index has become one of the most widely used bibliometric indicators to assess the success of a researcher working and so predict the impact of future production. In this paper is used as a measure of scientific productivity and quality of total citations, number of items and the index h of Spanish teachers of sports science. Also analyzed the number of authors for paper, in which papers are published journal and more items university professors published and most occur in Web of Science. The results show that the index h broadly correlates with citations and number of papers. The distributions by area, indicate that the Physical Education (PE) area has an Index average of 2.65 h and 1.61 Didactics of Corporal Expression (DEC) area. The most relevant results are the average proportion of items per teacher in the areas analyzed, between 4 and 7. The average papers authors signing by between 4 and 6. The most published journal Didactics of Corporal Expression teachers is Revista de Psicología del Deporte. In the Physical Education is Journal of Strength and Conditioning Research. Finally, we argue that the implications of these results and the use there of may be given in academic decision making and research</subfield>
   </datafield>
   <datafield ind2=" " ind1=" " tag="520">
      <subfield code="a">O índice de Hirsch é, atualmente, um dos indicadores bibliométricos mais utilizados para avaliar o sucesso do trabalho de pesquisa e prever o impacto da produção futura. Este trabalho foi usado como uma medida da produtividade e da qualidade científica do total de citações, número de itens e índice H de professores de espanhol da ciência do esporte. Também foram analisados o número de autores por artigo, as revistas de publicação e professores universitários com mais publicações incluídas no Web of Science. Os resultados mostram que o índice h correlaciona amplamente compromissos e número de itens. A distribuição por região indica que a área de PE tem uma média de índice de 2,65 h e 1,61 na área de Linguagem. A proporção média de itens por professor está entre 4 e 7. Os autores possuem média de assinatura entre 4 e 6. A revista Corpo professores de línguas mais publicados é Jornal de Psicologia do Esporte e do Journal of Strength and Conditioning Research de Educação Física. Finalmente, argumenta-se que as implicações desses resultados e sua utilização podem ser usadas na tomada de decisões acadêmicas e de pesquisa</subfield>
   </datafield>
   <datafield ind1="8" ind2=" " tag="024">
      <subfield code="a">http://hdl.handle.net/10459.1/60762</subfield>
   </datafield>
   <datafield tag="653" ind2=" " ind1=" ">
      <subfield code="a">Profesores</subfield>
   </datafield>
   <datafield tag="653" ind2=" " ind1=" ">
      <subfield code="a">Deporte</subfield>
   </datafield>
   <datafield tag="653" ind2=" " ind1=" ">
      <subfield code="a">Revistas</subfield>
   </datafield>
   <datafield tag="653" ind2=" " ind1=" ">
      <subfield code="a">Web of Science</subfield>
   </datafield>
   <datafield tag="653" ind2=" " ind1=" ">
      <subfield code="a">Bibliometría</subfield>
   </datafield>
   <datafield tag="653" ind2=" " ind1=" ">
      <subfield code="a">Professors</subfield>
   </datafield>
   <datafield tag="653" ind2=" " ind1=" ">
      <subfield code="a">Sport</subfield>
   </datafield>
   <datafield tag="653" ind2=" " ind1=" ">
      <subfield code="a">Journals</subfield>
   </datafield>
   <datafield tag="653" ind2=" " ind1=" ">
      <subfield code="a">Bibliometric indicators</subfield>
   </datafield>
   <datafield tag="653" ind2=" " ind1=" ">
      <subfield code="a">Professores</subfield>
   </datafield>
   <datafield tag="653" ind2=" " ind1=" ">
      <subfield code="a">Esportes</subfield>
   </datafield>
   <datafield tag="653" ind2=" " ind1=" ">
      <subfield code="a">Revistas</subfield>
   </datafield>
   <datafield tag="653" ind2=" " ind1=" ">
      <subfield code="a">Bibliometria</subfield>
   </datafield>
   <datafield ind2="0" ind1="0" tag="245">
      <subfield code="a">Indicadores de producción de los profesores de Educación Física y Didáctica de la Expresión Corporal en España en la Web of Science</subfield>
   </datafield>
   <datafield ind2="0" ind1="0" tag="245">
      <subfield code="a">Production indicators of teachers of Physical Education and Didactics of Corporal expression in Spain in Web of Science</subfield>
   </datafield>
   <datafield ind2="0" ind1="0" tag="245">
      <subfield code="a">Produção de professores de Educação Física e Didática de expressão corporal na Espanha, em artigos de revistas com fator de impacto da Web of Science</subfield>
   </datafield>
</record></metadata></record></GetRecord></OAI-PMH>